[Event "TCh-CHN DivA Regular"]
[Site "Fuling CHN"]
[Date "2023.06.13"]
[Round "8.1"]
[Board "2"]
[White "Zhang, Di"]
[Black "Wan, Yunguo"]
[Result "0-1"]
[BlackTitle "GM"]
[WhiteElo "2273"]
[BlackElo "2504"]
[WhiteTeam "Beijing"]
[BlackTeam "Chongqing Jiulongpo"]
[WhiteFideId "8616590"]
[BlackFideId "8603189"]
[EventDate "2023.06.05"]
[EventType "team"]

1. e4 c5 2. d3 Nc6 3. Be2 Nf6 4. f4 Nd4 5. Nf3 Nxe2 6. Qxe2 e6 7. e5 Nd5 8. c4
Nc7 9. Nc3 Be7 10. Be3 O-O 11. h4 b5 12. h5 d5 13. exd6 Qxd6 14. h6 g6 15. Ne4
Qb6 16. b3 Bb7 17. O-O Rad8 18. Rad1 Ne8 19. Bc1 Nf6 20. Ne5 bxc4 21. Nxf6+ Bxf6
22. dxc4 Qc7 23. Bb2 Rxd1 24. Rxd1 Rd8 25. Rxd8+ Qxd8 26. Ng4 Bd4+ 27. Bxd4
Qxd4+ 28. Kh2 Qxf4+ 29. Kh3 Kf8 30. Qb2 Ke7 31. Qa3 Bxg2+ 32. Kxg2 Qxg4+ 33. Kf2
Qf4+ 34. Ke2 Qe5+ 35. Kf3 Qc7 36. Qb2 f6 37. Qd2 g5 38. Kg2 g4 39. Qd3 f5 40.
Qc3 e5 41. Qd2 Kf6 42. Qd5 Kg5 43. Qg8+ Kf4 44. Qd5 Qa5 0-1

[Event "TCh-CHN DivA Regular"]
[Site "Fuling CHN"]
[Date "2023.06.13"]
[Round "8.1"]
[Board "3"]
[White "Peng, Xiongjian"]
[Black "Peng, Hongchi"]
[Result "1/2-1/2"]
[WhiteElo "2461"]
[BlackElo "2426"]
[WhiteTeam "Chongqing Jiulongpo"]
[BlackTeam "Beijing"]
[WhiteFideId "8610550"]
[BlackFideId "8609047"]
[EventDate "2023.06.05"]
[EventType "team"]

1. d4 Nf6 2. Nf3 b6 3. Nc3 Bb7 4. Bg5 d5 5. e3 e6 6. Bb5+ c6 7. Bd3 h6 8. Bxf6
Qxf6 9. e4 Bb4 10. e5 Qd8 11. h4 c5 12. a3 cxd4 13. axb4 dxc3 14. bxc3 Qc7 15.
Bb5+ Bc6 16. Be2 a5 17. Qd4 Bd7 18. b5 Bc8 19. Rh3 Nd7 20. Rg3 O-O 21. O-O-O f6
22. exf6 Rxf6 23. Nh2 Qf4+ 24. Kb2 Qxd4 25. Rxd4 Rxf2 26. Bf3 Nf6 27. Ng4 Nxg4
28. Rgxg4 Bd7 29. Rgf4 Rc8 30. c4 Rc7 31. Rxd5 Rxf3 32. Rxd7 Rxd7 33. gxf3 e5
34. Re4 Rc7 35. Kc3 Rc5 36. Rg4 Kf7 37. h5 g5 38. hxg6+ Kg7 39. Rg1 Rc8 40. Kd3
h5 41. Ke4 h4 42. Kxe5 h3 43. Rh1 Rc5+ 44. Kd4 Rh5 45. c5 Rxc5 46. Rxh3 Rxb5 47.
Rg3 a4 48. Rg1 a3 49. Ra1 Ra5 50. Kc4 Kxg6 51. Kb3 Rf5 52. Kxa3 Rxf3+ 53. Kb4
Kf7 54. Re1 Rf5 55. c4 Rh5 56. Re4 Rg5 57. Rh4 Ke7 58. Rh6 Kd7 59. Rxb6 Kc7 60.
Rh6 Rf5 61. Rg6 Rh5 62. c5 Rh1 1/2-1/2

[Event "TCh-CHN DivA Regular"]
[Site "Fuling CHN"]
[Date "2023.06.13"]
[Round "8.1"]
[Board "4"]
[White "Wang, Yu A."]
[Black "Sun, Fanghui"]
[Result "1/2-1/2"]
[WhiteTitle "IM"]
[BlackTitle "WIM"]
[WhiteElo "2255"]
[BlackElo "2223"]
[WhiteTeam "Beijing"]
[BlackTeam "Chongqing Jiulongpo"]
[WhiteFideId "8601097"]
[BlackFideId "8604150"]
[EventDate "2023.06.05"]
[EventType "team"]

1. e4 c5 2. Nf3 d6 3. d4 cxd4 4. Nxd4 Nf6 5. Nc3 a6 6. Be3 e5 7. Nf3 Be7 8. Bc4
Qc7 9. Bb3 Be6 10. O-O O-O 11. Nh4 Nbd7 12. Nf5 Nc5 13. Nxe7+ Qxe7 14. Bg5 Ncd7
15. Nd5 Bxd5 16. Bxd5 h6 17. Bh4 g5 18. Bg3 Nxd5 19. Qxd5 Nc5 20. Rfd1 Rad8 21.
f3 Ne6 22. c3 Kg7 23. Rd2 h5 24. Rad1 Rh8 25. Qa5 h4 26. Bf2 h3 27. Rxd6 hxg2
28. Rxd8 Nxd8 29. Kxg2 f6 30. Qd5 Ne6 31. Qd7 Kf7 32. Bg3 Nc5 33. Qxe7+ Kxe7 34.
b3 b5 35. Kf2 Ne6 36. Ke3 Nf4 37. Rd2 Rc8 38. Rc2 Rd8 39. Rd2 Rc8 40. Rc2 Rd8
41. Bxf4 exf4+ 42. Ke2 Rh8 43. Kf1 Rc8 44. c4 Kd6 45. Ke2 Rh8 46. Kf1 Rc8 47.
Ke2 Rh8 48. Kf1 Rc8 1/2-1/2

[Event "TCh-CHN DivA Regular"]
[Site "Fuling CHN"]
[Date "2023.06.13"]
[Round "8.1"]
[Board "5"]
[White "Zhang, Lanlin"]
[Black "Li, Yunshan"]
[Result "0-1"]
[BlackTitle "WIM"]
[WhiteElo "2156"]
[BlackElo "2283"]
[WhiteTeam "Chongqing Jiulongpo"]
[BlackTeam "Beijing"]
[WhiteFideId "8608032"]
[BlackFideId "8607664"]
[EventDate "2023.06.05"]
[EventType "team"]

1. e4 c6 2. d4 d5 3. Nc3 dxe4 4. Nxe4 Bf5 5. Ng3 Bg6 6. h4 h6 7. Nh3 e6 8. Nf4
Bh7 9. Be3 Nf6 10. Bd3 Bxd3 11. Qxd3 Bd6 12. O-O-O O-O 13. Ngh5 Nbd7 14. Rdg1
Bxf4 15. Nxf4 e5 16. Nh3 Ng4 17. Bd2 exd4 18. Qxd4 Ndf6 19. Qf4 Qd5 20. Kb1 Ne5
21. Bc1 Ng6 22. Qg3 Rad8 23. f3 Qe5 24. Qf2 Qd4 25. Qf1 Nd5 26. g4 Ngf4 27. g5
h5 28. Nxf4 Nxf4 29. b3 Rfe8 30. Bb2 Qc5 31. Rh2 b5 32. Bc1 Ne2 33. Rgg2 Rd1 34.
Rxe2 Rxf1 35. Rxe8+ Kh7 36. Rd2 Qa3 0-1

[Event "TCh-CHN DivA Regular"]
[Site "Fuling CHN"]
[Date "2023.06.13"]
[Round "8.2"]
[Board "1"]
[White "Bai, Jinshi"]
[Black "Xu, Jun"]
[Result "1-0"]
[WhiteTitle "GM"]
[BlackTitle "GM"]
[WhiteElo "2550"]
[BlackElo "2468"]
[WhiteTeam "Hangzhou Bank"]
[BlackTeam "Jiangsu"]
[WhiteFideId "8602280"]
[BlackFideId "8600031"]
[EventDate "2023.06.05"]
[EventType "team"]

1. Nf3 c5 2. c4 Nf6 3. Nc3 Nc6 4. d4 cxd4 5. Nxd4 g6 6. g3 d6 7. Bg2 Bd7 8. Nc2
Bg7 9. b3 O-O 10. O-O Qc8 11. Re1 Bh3 12. Bh1 Ng4 13. Bb2 h5 14. Qd2 Qf5 15. e4
Qa5 16. Rad1 Rac8 17. Bg2 Bxg2 18. Kxg2 a6 19. f3 Nf6 20. Ne3 b5 21. Ncd5 Nxd5
22. exd5 Qxd2+ 23. Rxd2 Bxb2 24. Rxb2 Ne5 25. Rbe2 bxc4 26. f4 Nd3 27. Rd1 Nc5
28. Nxc4 Rc7 29. Na5 Rfc8 30. Rc1 Nb7 31. Rxc7 Rxc7 32. Nc6 Kf8 33. b4 e6 34.
Nb8 exd5 35. Nxa6 Rc4 36. Kf3 Rc3+ 37. Re3 Rc2 38. a3 Rxh2 39. Nc7 d4 40. Re2
Rh1 41. Re8+ Kg7 42. Rb8 d3 43. Ke3 Rg1 44. Rxb7 Rxg3+ 45. Kd2 h4 46. Ne6+ Kg8
47. Rb8+ Kh7 48. Ng5+ Kg7 49. Rb7 Kg8 50. b5 h3 51. Nxh3 1-0

[Event "TCh-CHN DivA Regular"]
[Site "Fuling CHN"]
[Date "2023.06.13"]
[Round "8.2"]
[Board "4"]
[White "Yuan, Ye"]
[Black "Zhao, Xue"]
[Result "1/2-1/2"]
[BlackTitle "GM"]
[WhiteElo "2194"]
[BlackElo "2469"]
[WhiteTeam "Jiangsu"]
[BlackTeam "Hangzhou Bank"]
[WhiteFideId "8608415"]
[BlackFideId "8601283"]
[EventDate "2023.06.05"]
[EventType "team"]

1. d4 d5 2. c4 e6 3. Nc3 Nf6 4. Nf3 Be7 5. Bf4 O-O 6. e3 b6 7. cxd5 exd5 8. Be2
Bb7 9. h3 c5 10. O-O Na6 11. dxc5 bxc5 12. Qa4 Qb6 13. Qb5 Rfc8 14. b3 Nb4 15.
a3 Nc6 16. Rfd1 d4 17. Qxb6 axb6 18. exd4 cxd4 19. Nb5 Nd5 20. Bd2 Bf6 21. Bc4
Nc3 22. Bxc3 dxc3 23. Rd7 Nd8 24. Re1 h5 25. Nfd4 Ba6 26. Re8+ Kh7 27. Nxc3 Bxc4
28. bxc4 Bxd4 29. Rxd4 Rxa3 30. Nb5 Raa8 31. Nd6 Rc7 32. Rd5 g6 33. Nb5 Rcc8 34.
Nd6 Rc7 35. Nb5 Rcc8 36. Nd6 Rc7 37. Nb5 1/2-1/2

[Event "TCh-CHN DivA Regular"]
[Site "Fuling CHN"]
[Date "2023.06.13"]
[Round "8.2"]
[Board "5"]
[White "Zhai, Mo"]
[Black "Guo, Qi"]
[Result "1/2-1/2"]
[WhiteTitle "WGM"]
[BlackTitle "IM"]
[WhiteElo "2347"]
[BlackElo "2369"]
[WhiteTeam "Hangzhou Bank"]
[BlackTeam "Jiangsu"]
[WhiteFideId "8600201"]
[BlackFideId "8604002"]
[EventDate "2023.06.05"]
[EventType "team"]

1. d4 Nf6 2. c4 e6 3. Nf3 d5 4. Nc3 Be7 5. Bf4 O-O 6. e3 c5 7. dxc5 Bxc5 8. cxd5
Nxd5 9. Nxd5 exd5 10. a3 Nc6 11. Bd3 Bb6 12. O-O d4 13. exd4 Nxd4 14. Be5 Nc6
15. Bc3 Bg4 16. b4 Re8 17. Ra2 Nd4 18. Bxd4 Bxf3 19. Qxf3 Qxd4 20. Rd2 Qf6 21.
Be4 Qxf3 22. Bxf3 Rad8 23. Rxd8 Rxd8 24. Bxb7 Rd2 25. a4 Rb2 26. b5 Ra2 27. g3
Rxa4 28. Re1 Kf8 29. Re2 g6 30. h4 h5 31. Kg2 1/2-1/2

[Event "TCh-CHN DivA Regular"]
[Site "Fuling CHN"]
[Date "2023.06.13"]
[Round "8.3"]
[Board "1"]
[White "Zhao, Jun"]
[Black "Zhu, Hengyi"]
[Result "1/2-1/2"]
[WhiteTitle "GM"]
[WhiteElo "2584"]
[BlackElo "2247"]
[WhiteTeam "Shandong"]
[BlackTeam "Hangzhou"]
[WhiteFideId "8602522"]
[BlackFideId "8611211"]
[EventDate "2023.06.05"]
[EventType "team"]

1. d4 e6 2. c4 Nf6 3. Nf3 b6 4. g3 Ba6 5. b3 Bb4+ 6. Bd2 Be7 7. Bg2 O-O 8. O-O
d5 9. cxd5 exd5 10. Nc3 Nbd7 11. Bf4 Re8 12. Rc1 Nf8 13. Qc2 Ne6 14. Be5 c6 15.
Rfd1 Ba3 16. Rb1 Bb4 17. Bxf6 Qxf6 18. Na4 Rac8 19. e3 c5 20. Qb2 cxd4 21. Nxd4
b5 22. a3 Nxd4 23. Qxd4 Qxd4 24. exd4 Bxa3 25. Nc5 Bxc5 26. dxc5 Rc7 27. c6 Rxc6
28. b4 Rc7 29. Rxd5 g6 30. Bf1 Rb8 31. f4 Rb6 32. Rb2 Rc1 33. Kf2 Ra1 34. Rc2
Rb1 35. Rd4 Kg7 36. g4 Bb7 37. Rc7 Rb2+ 38. Kg1 Bf3 39. g5 Rc6 40. Rxc6 Bxc6 41.
h4 a6 42. Bh3 h6 43. Bc8 Bf3 44. Bxa6 Be2 45. Kf2 Bc4+ 46. Ke3 Rxb4 47. Bc8 Rb2
48. f5 gxf5 49. Bxf5 Rg2 50. Kf4 Rf2+ 51. Ke5 Re2+ 52. Kf4 h5 53. Be4 Be6 54.
Bf3 Rh2 55. Ke5 Kg6 56. Be4+ Kg7 57. Bf3 Bg4 58. Ke4 1/2-1/2

[Event "TCh-CHN DivA Regular"]
[Site "Fuling CHN"]
[Date "2023.06.13"]
[Round "8.3"]
[Board "2"]
[White "Xiang, Zeyu"]
[Black "Liu, Qingnan"]
[Result "0-1"]
[WhiteTitle "IM"]
[BlackTitle "GM"]
[WhiteElo "2397"]
[BlackElo "2532"]
[WhiteTeam "Hangzhou"]
[BlackTeam "Shandong"]
[WhiteFideId "8608547"]
[BlackFideId "8603294"]
[EventDate "2023.06.05"]
[EventType "team"]

1. d4 d5 2. c4 c6 3. Nf3 Nf6 4. Nc3 e6 5. e3 Nbd7 6. Bd3 dxc4 7. Bxc4 b5 8. Bd3
a6 9. a4 Bb7 10. Ne4 b4 11. Nxf6+ Nxf6 12. b3 c5 13. Bb2 cxd4 14. Bxd4 Bd6 15.
Rc1 Rc8 16. Rxc8 Qxc8 17. O-O Qa8 18. Be2 Ke7 19. Qa1 Ne4 20. Be5 f6 21. Bxd6+
Nxd6 22. Qd4 a5 23. Rd1 Rd8 24. Qg4 g6 25. Nd4 Qc8 26. Nb5 Ne4 27. Bc4 Rxd1+ 28.
Qxd1 Qd7 29. Qxd7+ Kxd7 30. f3 Nd2 31. Kf2 Nxc4 32. bxc4 e5 33. Ke2 Kc6 34. Kd3
Ba6 35. Kc2 Kc5 36. e4 Kxc4 37. Nc7 Bb7 38. Ne8 Bc6 39. Nxf6 Bxa4+ 40. Kb2 Bc6
41. Ng4 Kd4 42. Kb3 Bd7 43. Nf2 g5 0-1

[Event "TCh-CHN DivA Regular"]
[Site "Fuling CHN"]
[Date "2023.06.13"]
[Round "8.3"]
[Board "3"]
[White "Huang, Renjie"]
[Black "Kong, Xiangrui"]
[Result "1/2-1/2"]
[WhiteElo "2406"]
[BlackElo "2273"]
[WhiteTeam "Shandong"]
[BlackTeam "Hangzhou"]
[WhiteFideId "8610134"]
[BlackFideId "8632200"]
[EventDate "2023.06.05"]
[EventType "team"]

1. e4 e6 2. d4 d5 3. exd5 exd5 4. Nf3 Nc6 5. Nc3 Bb4 6. Be2 Nf6 7. O-O h6 8. Bf4
O-O 9. Ne5 Bf5 10. Nxc6 bxc6 11. Bd3 Bxd3 12. Qxd3 c5 13. Ne2 Re8 14. Ng3 Ne4
15. c3 c4 16. Qf3 Bd6 17. Rfe1 Bxf4 18. Qxf4 Qd6 19. Qf5 g6 20. Nxe4 Rxe4 21.
Qh3 Qb6 22. Rxe4 dxe4 23. Rb1 Kg7 24. Qd7 Qa5 25. a3 Rb8 26. h3 Qf5 27. Qxc7 e3
28. Rf1 e2 29. Qxb8 exf1=Q+ 30. Kxf1 Qb1+ 31. Ke2 Qd3+ 32. Ke1 Qb1+ 33. Kd2 Qd3+
34. Ke1 Qb1+ 1/2-1/2

[Event "TCh-CHN DivA Regular"]
[Site "Fuling CHN"]
[Date "2023.06.13"]
[Round "8.3"]
[Board "4"]
[White "Lu, Miaoyi"]
[Black "Zhang, Xiao"]
[Result "0-1"]
[WhiteTitle "WIM"]
[WhiteElo "2176"]
[BlackElo "2147"]
[WhiteTeam "Hangzhou"]
[BlackTeam "Shandong"]
[WhiteFideId "8618020"]
[BlackFideId "8610894"]
[EventDate "2023.06.05"]
[EventType "team"]

1. e4 c6 2. d4 d5 3. e5 c5 4. Nf3 cxd4 5. Qxd4 Nc6 6. Qf4 e6 7. Nc3 a6 8. Bd3
Nb4 9. Ne2 Nxd3+ 10. cxd3 h6 11. h4 Bd7 12. Ned4 Ne7 13. Be3 Nc6 14. O-O Nxd4
15. Nxd4 g6 16. Qg3 h5 17. Nf3 Be7 18. a4 O-O 19. Bh6 Re8 20. Qf4 a5 21. g4 hxg4
22. Nh2 d4 23. Nxg4 Bc6 24. f3 Rc8 25. Rf2 Rf8 26. Rg2 Bxh4 27. Bxf8 Qxf8 28.
Rh2 g5 29. Nf6+ Kg7 30. Qg4 Qh8 31. f4 Bf2+ 32. Kxf2 Qxh2+ 33. Ke1 Rh8 34. Qxg5+
Kf8 35. Rd1 Rh3 36. Ng4 Qg1+ 37. Kd2 Rxd3+ 38. Kxd3 Qxd1+ 39. Kc4 Qxa4+ 40. Kd3
Qd1+ 41. Kc4 Qa4+ 42. Kd3 Bb5+ 43. Ke4 Qc2+ 44. Kxd4 Qxb2+ 45. Kc5 Be8 46. Kc4
Qb4+ 47. Kd3 Bb5+ 48. Ke3 Qc3+ 49. Kf2 Qc2+ 50. Ke3 Qe2+ 51. Kd4 b6 52. Qd8+ Be8
53. Qd6+ Kg7 54. Ne3 Qd2+ 55. Ke4 Qxd6 56. exd6 b5 57. Kd4 f6 58. Kc5 Kf7 59. f5
a4 60. fxe6+ Kxe6 61. Nc2 f5 62. Nd4+ Ke5 63. Nf3+ Kf4 64. Nd4 Ke5 65. Nf3+ Ke4
66. Ng5+ Kd3 67. Nh7 a3 68. Nf6 a2 69. Nxe8 a1=Q 70. d7 Qd4+ 71. Kc6 Qc4+ 72.
Kd6 b4 73. Nc7 Qd4+ 74. Ke6 Qb6+ 0-1

[Event "TCh-CHN DivA Regular"]
[Site "Fuling CHN"]
[Date "2023.06.13"]
[Round "8.3"]
[Board "5"]
[White "Hu, Yu A."]
[Black "Zhao, Shengxin"]
[Result "1/2-1/2"]
[BlackTitle "WFM"]
[WhiteElo "2065"]
[BlackElo "2156"]
[WhiteTeam "Shandong"]
[BlackTeam "Hangzhou"]
[WhiteFideId "8609993"]
[BlackFideId "8608040"]
[EventDate "2023.06.05"]
[EventType "team"]

1. d4 d5 2. c4 dxc4 3. Nf3 Nf6 4. e3 e6 5. Bxc4 c5 6. O-O a6 7. b3 Nbd7 8. Bb2
Be7 9. a4 O-O 10. Nc3 Nb6 11. Ne5 Bd7 12. Nf3 Bc8 13. Ne5 cxd4 14. exd4 Bd7 15.
d5 Nxc4 16. bxc4 exd5 17. Nxd5 Nxd5 18. cxd5 Bd6 19. Qd4 Bxe5 20. Qxe5 f6 21.
Qg3 Qa5 22. Rfd1 Rac8 23. h3 Rc4 24. Qb3 Rxa4 25. d6+ Kh8 26. Qxb7 Rxa1 27. Rxa1
Qb5 28. Qxb5 Bxb5 29. Rc1 Rd8 30. Ba3 Kg8 31. Rc7 Rd7 32. Rc8+ Kf7 33. Rh8 h6
34. Rb8 1/2-1/2

[Event "TCh-CHN DivA Regular"]
[Site "Fuling CHN"]
[Date "2023.06.13"]
[Round "8.4"]
[Board "1"]
[White "Xu, Xiangyu"]
[Black "Wang, Hao"]
[Result "1/2-1/2"]
[WhiteTitle "GM"]
[BlackTitle "GM"]
[WhiteElo "2603"]
[BlackElo "2722"]
[WhiteTeam "Chengdu"]
[BlackTeam "Shenzhen Pengcheng"]
[WhiteFideId "8608288"]
[BlackFideId "8602883"]
[EventDate "2023.06.05"]
[EventType "team"]

1. d4 Nf6 2. c4 g6 3. Nc3 d5 4. cxd5 Nxd5 5. e4 Nxc3 6. bxc3 Bg7 7. Bc4 c5 8.
Ne2 Nc6 9. Be3 O-O 10. O-O b6 11. h4 e6 12. h5 Qh4 13. hxg6 hxg6 14. f3 cxd4 15.
cxd4 Rd8 16. Qd2 Bb7 17. Rac1 Qe7 18. Rfd1 Rac8 19. Bg5 Bf6 20. Bxf6 Qxf6 21.
Qe3 Kg7 22. Kf2 Qh4+ 23. Ng3 f5 24. Bxe6 f4 25. Qa3 fxg3+ 26. Ke3 Qh6+ 27. f4 g5
28. Rxc6 gxf4+ 29. Kf3 Bxc6 30. Qe7+ Kh8 31. Rh1 Qxh1 32. Qf6+ Kh7 33. Bf5+ Kg8
34. Be6+ Kh7 35. Bf5+ Kg8 36. Be6+ 1/2-1/2

[Event "TCh-CHN DivA Regular"]
[Site "Fuling CHN"]
[Date "2023.06.13"]
[Round "8.4"]
[Board "2"]
[White "Xue, Haowen"]
[Black "Li, Di"]
[Result "1/2-1/2"]
[BlackTitle "GM"]
[WhiteElo "2341"]
[BlackElo "2575"]
[WhiteTeam "Shenzhen Pengcheng"]
[BlackTeam "Chengdu"]
[WhiteFideId "8625492"]
[BlackFideId "8607508"]
[EventDate "2023.06.05"]
[EventType "team"]

1. d4 Nf6 2. c4 e6 3. Nf3 d5 4. Nc3 c5 5. cxd5 cxd4 6. Qa4+ Bd7 7. Qxd4 exd5 8.
e3 Nc6 9. Qd1 Bb4 10. Bd2 O-O 11. Be2 Bf5 12. O-O a6 13. Nd4 Nxd4 14. exd4 Re8
15. Bf3 h6 16. h3 Re6 17. Re1 Bxc3 18. Bxc3 Ne4 19. Re3 Qh4 20. Bxe4 Bxe4 21.
Qg4 Qxg4 22. hxg4 Rae8 23. Rae1 Bc2 24. Re5 Ba4 25. Rxe6 Rxe6 26. Rxe6 fxe6 27.
f3 Kf7 28. Kf2 Bb5 29. a3 Bc4 30. Ba5 Kg6 31. Bc7 h5 32. gxh5+ Kxh5 33. Be5 Kg6
34. Bh2 a5 35. Bc7 a4 36. Bd6 Kf7 37. Bb4 Kg6 38. Bd6 Kf7 39. Bb4 Kg6 1/2-1/2

[Event "TCh-CHN DivA Regular"]
[Site "Fuling CHN"]
[Date "2023.06.13"]
[Round "8.4"]
[Board "3"]
[White "Zhao, Yuanhe"]
[Black "Zhou, Weiqi"]
[Result "1/2-1/2"]
[WhiteTitle "IM"]
[BlackTitle "GM"]
[WhiteElo "2461"]
[BlackElo "2604"]
[WhiteTeam "Chengdu"]
[BlackTeam "Shenzhen Pengcheng"]
[WhiteFideId "8609497"]
[BlackFideId "8601674"]
[EventDate "2023.06.05"]
[EventType "team"]

1. Nf3 Nf6 2. c4 e6 3. Nc3 d5 4. e3 Be7 5. b3 O-O 6. Bb2 c5 7. cxd5 exd5 8. d4
Nc6 9. Be2 Ne4 10. O-O Bf6 11. Na4 cxd4 12. Nxd4 Bd7 13. Rc1 Nxd4 14. Bxd4 Bxa4
15. bxa4 Rc8 16. Rxc8 Qxc8 17. Bf3 Rd8 18. Bxa7 Qc4 19. Bb6 Rc8 20. a5 g6 21. g3
h5 22. h4 Bc3 23. Bxe4 Qxe4 24. Qb1 Ra8 25. Qb3 d4 26. Rd1 Qe6 27. exd4 Bxa5 28.
Qxe6 fxe6 29. Rb1 Bxb6 30. Rxb6 Rxa2 31. Rxe6 Ra6 32. Re7 Rd6 33. Rxb7 Rxd4 34.
Kf1 Rd2 35. Kg2 Rd3 36. f3 Rd2+ 37. Kh3 Rd3 38. f4 Ra3 39. Rb5 Kh7 40. Re5 Kg7
41. Kg2 Rb3 42. Kf2 Ra3 43. Re3 Ra6 44. Kf3 Kf6 45. Rb3 Rc6 46. Ke4 Ra6 47. Rc3
Ra4+ 48. Kd5 Ra5+ 1/2-1/2

[Event "TCh-CHN DivA Regular"]
[Site "Fuling CHN"]
[Date "2023.06.13"]
[Round "8.4"]
[Board "4"]
[White "Song, Yuxin"]
[Black "Chu, Ruotong"]
[Result "1/2-1/2"]
[WhiteTitle "WIM"]
[BlackTitle "WIM"]
[WhiteElo "2353"]
[BlackElo "2166"]
[WhiteTeam "Shenzhen Pengcheng"]
[BlackTeam "Chengdu"]
[WhiteFideId "8614300"]
[BlackFideId "8605653"]
[EventDate "2023.06.05"]
[EventType "team"]

1. d4 Nf6 2. c4 g6 3. g3 c6 4. Bg2 d5 5. Nf3 Bg7 6. cxd5 cxd5 7. Ne5 Ne4 8. Nd2
Nxd2 9. Bxd2 Nd7 10. Bc3 e6 11. O-O O-O 12. Rc1 a5 13. a4 Qb6 14. e3 Qd6 15. Nf3
Nf6 16. Nd2 Bd7 17. f3 Rfc8 18. b3 Ne8 19. Qe2 b5 20. axb5 Qb6 21. Rfe1 Bxb5 22.
Qf2 Rc7 23. Bb2 Rac8 24. Rxc7 Rxc7 25. Rc1 Rxc1+ 26. Bxc1 Qc7 27. Qe1 Qc3 28.
Kf2 Bf8 29. Bf1 Nc7 30. Bxb5 Nxb5 31. Qd1 Qd3 32. Qe2 Qc2 33. Qxb5 Bb4 34. Qf1
Bxd2 35. Bxd2 Qxd2+ 36. Qe2 Qc3 37. Qb5 Qd2+ 38. Qe2 Qc3 1/2-1/2

[Event "TCh-CHN DivA Regular"]
[Site "Fuling CHN"]
[Date "2023.06.13"]
[Round "8.4"]
[Board "5"]
[White "Ren, Xiaoyi"]
[Black "Li, Xueyi"]
[Result "0-1"]
[WhiteTitle "WIM"]
[BlackTitle "WGM"]
[WhiteElo "2079"]
[BlackElo "2291"]
[WhiteTeam "Chengdu"]
[BlackTeam "Shenzhen Pengcheng"]
[WhiteFideId "8608709"]
[BlackFideId "8605912"]
[EventDate "2023.06.05"]
[EventType "team"]

1. d4 d5 2. c4 c6 3. Nc3 Nf6 4. e3 Bf5 5. cxd5 cxd5 6. Qb3 Nc6 7. Qxb7 Bd7 8.
Qb3 Rb8 9. Qd1 e5 10. dxe5 Nxe5 11. Nf3 Bd6 12. Be2 Qc7 13. h3 O-O 14. O-O Rfd8
15. Nd4 Qc8 16. Bb5 Bxh3 17. f4 Bg4 18. Qc2 Ng6 19. Nc6 Bd7 20. Nxd8 Bxb5 21.
Nxf7 Kxf7 22. Rd1 Nxf4 23. exf4 Bc5+ 24. Kh2 Qg4 25. g3 Qh5+ 26. Kg2 Bc6 27. Be3
d4+ 28. Kf1 dxe3 29. Ne2 0-1

[Event "TCh-CHN DivA Regular"]
[Site "Fuling CHN"]
[Date "2023.06.13"]
[Round "8.5"]
[Board "1"]
[White "Liu, Yan"]
[Black "Lu, Shanglei"]
[Result "1/2-1/2"]
[WhiteTitle "GM"]
[BlackTitle "GM"]
[WhiteElo "2545"]
[BlackElo "2597"]
[WhiteTeam "Chongqing Sports Lottery"]
[BlackTeam "Zhejiang Shaoxing"]
[WhiteFideId "8608962"]
[BlackFideId "8603332"]
[EventDate "2023.06.05"]
[EventType "team"]

1. d4 Nf6 2. c4 e6 3. Nf3 d5 4. Nc3 c5 5. cxd5 cxd4 6. Qxd4 exd5 7. e4 dxe4 8.
Qxd8+ Kxd8 9. Ng5 Be6 10. Nxe6+ fxe6 11. Bg5 Ke8 12. O-O-O Nc6 13. Bc4 Ne5 14.
Bxe6 Nd3+ 15. Kc2 Nxf2 16. Bxf6 Nxd1 17. Rxd1 gxf6 18. Rd7 Rd8 19. Rxb7 Rd6 20.
Bc4 f5 21. Rxa7 Kd8 22. b4 Rd7 23. Ra8+ Kc7 24. Nb5+ Kc6 25. Ra6+ Kb7 26. Ra7+
Kc6 27. Ra6+ Kb7 28. Ra7+ Kc6 29. Ra6+ Kb7 30. Ra7+ Kc6 1/2-1/2

[Event "TCh-CHN DivA Regular"]
[Site "Fuling CHN"]
[Date "2023.06.13"]
[Round "8.5"]
[Board "2"]
[White "Zhu, Jiner"]
[Black "Bu, Xiangzhi"]
[Result "1/2-1/2"]
[WhiteTitle "WGM"]
[BlackTitle "GM"]
[WhiteElo "2507"]
[BlackElo "2694"]
[WhiteTeam "Zhejiang Shaoxing"]
[BlackTeam "Chongqing Sports Lottery"]
[WhiteFideId "8608059"]
[BlackFideId "8601445"]
[EventDate "2023.06.05"]
[EventType "team"]

1. e4 e5 2. Nf3 Nc6 3. Bb5 a6 4. Ba4 Nf6 5. O-O b5 6. Bb3 Bb7 7. Re1 Bc5 8. c3
d6 9. d4 Bb6 10. a4 Ne7 11. Bc2 O-O 12. Nbd2 Ng6 13. Nf1 c5 14. dxe5 dxe5 15.
Qxd8 Raxd8 16. axb5 axb5 17. c4 bxc4 18. N1d2 Ra8 19. Rxa8 Rxa8 20. Nxc4 Bc7 21.
Bd2 Ba6 22. Ra1 Bb7 23. Re1 Ba6 24. Ra1 Bb7 1/2-1/2

[Event "TCh-CHN DivA Regular"]
[Site "Fuling CHN"]
[Date "2023.06.13"]
[Round "8.5"]
[Board "3"]
[White "Zeng, Chongsheng"]
[Black "Chen, Yuan2"]
[Result "1-0"]
[WhiteTitle "GM"]
[WhiteElo "2581"]
[BlackElo "2159"]
[WhiteTeam "Chongqing Sports Lottery"]
[BlackTeam "Zhejiang Shaoxing"]
[WhiteFideId "8603847"]
[BlackFideId "8618860"]
[EventDate "2023.06.05"]
[EventType "team"]

1. d4 Nf6 2. c4 e6 3. g3 Bb4+ 4. Bd2 Be7 5. Bg2 d5 6. Nf3 O-O 7. O-O c6 8. Qc2
Nbd7 9. Bf4 b6 10. cxd5 cxd5 11. Rc1 Bb7 12. Bc7 Qe8 13. Qb3 Ba6 14. Nc3 Bc4 15.
Qd1 Rc8 16. Bf4 Bb4 17. Nd2 Nh5 18. Be3 Nhf6 19. a3 Be7 20. Nxc4 Rxc4 21. b3 Rc8
22. Nb5 Rxc1 23. Rxc1 Nb8 24. Qd3 a6 25. Nc7 Qd7 26. Nxa6 Bxa3 27. Rc7 Qd8 28.
Rb7 Nc6 29. Qb5 Na5 30. Rb8 Qd7 31. Qxb6 Nc6 32. Rb7 Qd6 33. Bf4 e5 34. dxe5
Nxe5 35. Qxd6 Bxd6 36. Nc7 Bxc7 37. Rxc7 Ng6 38. Bd6 Rb8 39. Rc6 Ra8 40. Bf3
Ra1+ 41. Kg2 h5 42. h4 Rb1 43. b4 Rb2 44. Ra6 Ng4 45. Ra5 Nf6 46. Bc5 Rb1 47.
Bd4 Ne7 48. Ra8+ Kh7 49. Bxf6 gxf6 50. Ra7 Nc6 51. Bxd5 1-0